The use of english /
Guardado en:
| Autor Principal: | |
|---|---|
| Otros Autores: | |
| Formato: | Libro |
| Publicado: |
Inglaterra :
Longman,
1968
|
| Edición: | 2a. ed. |
| Materias: | |
| Etiquetas: |
Agregar Etiqueta
Sin Etiquetas, Sea el primero en etiquetar este registro!
|
| LEADER | 00512nam a22001935a 4500 | ||
|---|---|---|---|
| 001 | CEM.cems007432 | ||
| 005 | 20060214000000.0 | ||
| 008 | 130507s1968##################000#0#####d | ||
| 003 | CEMS | ||
| 082 | 0 | 4 | |a 425 |
| 100 | 1 | |a Quirk, Randolph | |
| 245 | 1 | 0 | |a The use of english / |
| 250 | |a 2a. ed. | ||
| 260 | |a Inglaterra : |b Longman, |c 1968 | ||
| 300 | |a 369 p. | ||
| 653 | |a Ingles | ||
| 653 | |a Ingles-gramática | ||
| 700 | 1 | |a Gimson, A. C. / Warburg, Jeremy | |
| 859 | |a CEMS |b BIB. CEMS - 11 de abril |h 425 |i Q48a2 |p 17309.93 |t Ej.1 | ||
